| 000 | 00726nam a2200217 a 4500 | ||
|---|---|---|---|
| 001 | 19547 | ||
| 003 | CO-ViMGA | ||
| 008 | 141112s2004 ck r 000 u spa d | ||
| 020 | _a8460522407 | ||
| 040 |
_aCO-ViMGA _bspa _cCO-ViMGA |
||
| 082 | 0 | 4 | _a624.13 F715t |
| 100 | 1 |
_aFranquet i Bernis, Josep Ma. _928226 |
|
| 245 | 1 | 0 | _aTeoria, diseño y construcción de terrazas - voladizo |
| 260 |
_aBarcelona : _bAsociacioón de Ingenieros Agrónomos de Catalaña; 1994 |
||
| 300 | _a778 p. | ||
| 590 |
_aForma de adquisición : Proyecto 2005 - - Precio : _13.500 |
||
| 650 | 1 | 4 |
_aMUROS DE CONTENCION _928227 |
| 650 | 1 | 4 |
_aTALUDES _928228 |
| 650 | 1 | 4 |
_aTERRAZAS - ARQUITECTURA DOMESTICA - DISEÑOS Y PLANOS _928229 |
| 942 |
_2ddc _cBK |
||
| 999 |
_c28687 _d28687 |
||